00431nam a22001577a 450000500170000001000150001702000260003203500130005803700130007108200060008410000260009024500440011626000400016027000520020030000210025220150715155150.0 aENG-113250 c200.00a9789382711599 aEN-96782 bDBAD/PUB aN aVerma, Arunendra Nath aThe loophole /cby Arunendra Nath Verma aNew DelhibVitasta Publishingc2015 a2/15, Ansari Road, DaryaganjbNew Delhie110002 a274p.c21cm(pbk)